000 00946nam a2200241 a 4500
001 47399
003 BD-RjUL
005 20211209054316.0
008 160808s1978 bg ||||| |||| 00| 0 ben d
035 _a(BD-RjUL)47518
040 _aBD-RjUL
_bben
_cBD-RjUL
_dBD-RjUL
041 _aben
082 _223
_a338.9
_bALA 1969
100 _aআলবার্ট
_9144054
245 1 0 _aঅর্থনৈতিক উত্তরণের পন্হা /
_cআলবার্ট ও হার্শম্যান
260 _aঢাকা :
_bখোশরোজ কিতাব মহল,
_c১৯৬৯
300 _a২২৩ (৩২) পৃ. ;
_c২১ সেমি.
650 _aঅর্থনৈতিক উন্নয়ন
_9144165
650 _aEconomic development
_9144166
700 _aহার্শম্যান
_9144054
700 _aএ.টি.এম. জহুরুল হক অনুবাদ
_9144167
942 _2ddc
_cBK
999 _c47399
_d47399